True horror Μορφές τρόμου : ερευνώντας το ανεξήγητο.
"Ένα συναρπαστικό, πρωτότυπο ντοκιμαντέρ, που προσπαθεί να ανακαλύψει την αλήθεια πίσω από τα πιο θρυλικά τέρατα!" . - Περίληψη από τη θήκη.
Αποθηκεύτηκε σε:
| Άλλοι συγγραφείς: | |
|---|---|
| Μορφή: | |
| Γλώσσα: | English Greek |
| Δημοσίευση: |
[S.l.] : Αθήνα :
Discovery Communications Inc., Prooptiki [Εταιρεία διανομής],
c2005.
|
| Θέματα: | |
| Ετικέτες: |
Προσθήκη ετικέτας
Δεν υπάρχουν, Καταχωρήστε ετικέτα πρώτοι!
|
MARC
| LEADER | 00000cgm a2200000 i 4500 | ||
|---|---|---|---|
| 001 | 1/17154 | ||
| 008 | 111219s2005####xx ||| | || ||eng|| | ||
| 035 | |l 10111611 | ||
| 040 | |a GR-MY-UA |b gre |e aacr | ||
| 041 | 0 | |a eng |j gre | |
| 082 | 0 | |a 133.4 |2 (22) | |
| 245 | 1 | 0 | |a True horror |h [μαγνητοσκόπηση] = |b Μορφές τρόμου : ερευνώντας το ανεξήγητο. |
| 246 | 1 | |i Παράλληλος τίτλος: |a Μορφές τρόμου |h [μαγνητοσκόπηση] : |b ερευνώντας το ανεξήγητο | |
| 260 | |a [S.l.] : |a Αθήνα : |b Discovery Communications Inc., |b Prooptiki [Εταιρεία διανομής], |c c2005. | ||
| 300 | |a 2 βιντεοδίσκοι (244 λεπτ.) : |b ομίλ., έγχρ. ; |c 4 3/4 ίν. | ||
| 500 | |a Στα αγγλικά με ελληνικούς υπότιτλους. | ||
| 505 | 0 | |a Βρυκόλακες: παραγωγή: Eliza James, σκηνοθεσία: Rupert MilesΔαιμονισμένοι: παραγωγή: Matt Hann, σενάριο-σκηνοθεσία: Renny BartlettΛυκάνθρωποι: παραγωγή: Natalia Asheshov, σενάριο-σκηνοθεσία: Jeremy TurnerΜάγισσες: παραγωγή: Eliza James, σενάριο-σκηνοθεσία: Nigel LevyΖωντανοί νεκροί: παραγωγή: Matt Hann, σενάριο-σκηνοθεσία: Renny Bartlett. | |
| 508 | |a Εκτέλεση παραγωγής: Adam Bullmore, παραγωγός σειράς: Denman Rooke. | ||
| 511 | 0 | |a Παρουσιάζει ο Anthony Head. | |
| 520 | |a "Ένα συναρπαστικό, πρωτότυπο ντοκιμαντέρ, που προσπαθεί να ανακαλύψει την αλήθεια πίσω από τα πιο θρυλικά τέρατα!" . - Περίληψη από τη θήκη. | ||
| 521 | |a Ακατάλληλο μέχρι 13 χρόνων. | ||
| 650 | 0 | 0 | |a Demonology. |
| 650 | 0 | 0 | |a Werewolves. |
| 700 | 1 | |a Head, Anthony Stewart, |d 1954- |4 nrt | |
| 852 | |a INST |b SYROS |c AV |e 20111219 |h 133.4 TRU |p 005500009947 |q 005500009947 |t DVD |y 23 |z Disc.1 | ||
| 852 | |a INST |b SYROS |c AV |e 20111219 |h 133.4 TRU |p 005500009948 |q 005500009948 |t DVD |y 23 |z Disc.2 | ||
| 852 | |a INST |b SYROS |c AV |e 20111219 |h 133.4 TRU |p 005500009947 |q 005500009947 |t DVD |v Disc.1: |y 23 |z Disc.1 | ||
| 852 | |a INST |b SYROS |c AV |e 20111219 |h 133.4 TRU |p 005500009948 |q 005500009948 |t DVD |v Disc.2: |y 23 |z Disc.2 | ||
| 853 | |a INST |b SYROS |c AV |h 133.4 TRU | ||
| 901 | |a BIBL5-2008-1 | ||
| 909 | |a Ε |b 169826 | ||
| 909 | |a Ε |b 169827 | ||
| 922 | |a 5ΕΛΗ |b 200709 |c ΒΙΒΛΙΟΘΗΚΗ ΣΥΡΟΥ |d ANACO | ||
| 970 | |a ΚΟΝΤΟΥ |b ΠΑΡΑΣΚΕΥΗ |z 2011/12/19 | ||